000 00732nam a2200229 a 4500
001 13703
003 BD-JhCC
005 20251203104221.0
008 240314b 2021b |||| ||a| 000 0 b d
020 _a9847015402853
035 _a(BD-JhCC)13703
040 _aBD-JhCC
_dBD-JhCC
041 _aben
082 _a891.443
_bTAG 2021
100 _a ঠাকুর, রবীন্দ্রনাথ
245 _aবউঠাকুররানীর হাট /
_bরবীন্দ্রনাথ ঠাকুর
260 _aঢাকা:
_bজয় প্রকাশন;
_c2021.
300 _a144 পৃষ্ঠা. :
_c22 cm.
650 _aচিরায়ত উপন্যাস
942 _2ddc
_cBK
999 _c13703
_d13703